MDQL
is popping MORE tags! Check the
thread
!
Quizzes
Events
Quiz Creation
Community
Videos
Private Events
Remove Ads
Sign In
Join for FREE
Feedback
Dark Mode
Quiz Categories
Sports
Geography
Music
Movies
Television
Just For Fun
Miscellaneous
History
Literature
Language
Science
Gaming
Entertainment
Religion
Holiday
For Kids
Quiz Lab
Recent
Popular Today
Quiz Kudos Today
Editor Picks
Curator Picks
Quizzes by...
Day
Popularity
Type
Ratings
Length
Year
Community
Subscriptions
Recent Discussions
Orange Saloon
Badges
Playlists
Quests
Create
Leaderboards
Showdown
Live 5
Trivia Bingo
Activity
Puzzle Library
Sporcle Events
Private Events
Virtual Trivia
Globe League
Become a Host
Pub Owners
SporcleCon
Opinionation
Our Games
Videos
Blog
Mobile Apps
Partnerships
Remove Ads and Go Orange
Feedback
Gaming
Video Games
Board Games
Card Games
Pokémon
Mario
Nintendo
Minecraft
Console
Toys
Legend of Zelda
Gaming
Video Games
Board Games
Card Games
Pokémon
Mario
Nintendo
Minecraft
Console
Toys
Legend of Zelda
Random Quiz
Search Sporcle
×
Quiz Lab
Quiz Lab
Gaming
Video Games
Type in answers that appear in a list
Type in answers that appear in a list
Classic
Best Score? Go Orange.
Video Game Icons Stats
Can you name the Video Game Characters?
By
jble
4m
30 Questions
526 Plays
526 Plays
526 Plays
Comments
Comments
Give Quiz Kudos
Give Quiz Kudos
-
- Ratings
hide this ad
More Info
Replay
Link that replays current quiz
Next Quiz
Link to next quiz in quiz playlist
You Got
0%
They Got
Avg Score
73%
Avg Friend Score
Upgrade to see
Score Distribution
Jump to the score distribution portion of the page
Score
0/30
Timer
04:00
0
Plays Today
Name the characters
% Correct
2. Plumber who saves princesses in his off time
Mario
98.7%
3. Hero of the Xbox, Halo
Master Chief
92.2%
4. Blue animal that has a ring fetish
Sonic
92%
17. He used to be a regular bandicoot
Crash Bandicoot
91.6%
1. Star of the Metroid series
Samus Aran
91.4%
26. Don't call him a stupid monkey, he'll throw a barrel at you.
Donkey Kong
91.4%
5. Yellow electric mouse
Pikachu
90.9%
8. He hates Ganondorfs
Link
90.1%
9. Metal Gear Solid, only guy I know who can pull off an eyepatch
Solid Snake
89.2%
19. Big pink ball of fun
Kirby
88.6%
30. Constantly loses to a plumber
Bowser
87.6%
24. Princess of Hyrule
Zelda
87.5%
12.Angelina Jolie, Tomb Raider
Lara Croft
85.7%
27. He's probably the coolest purple dragon you'll ever meet
Spyro
84.4%
11.Waka waka give him those dots
Pac-man
81%
Name the characters
% Correct
16. God of War
Kratos
75.5%
28. This guy is a Payne in the butt
Max Payne
73.4%
21. Not ultra man, not superman, but _
_
_
_
_
_
_
_
_
Mega Man
72.2%
10. FFVII hero, spiky hair, he doesn't pull off stealth as well as MGS
Cloud
72.1%
25. She is the reason #2 has a job
Princess Peach
69.8%
7. Scary giant scuba suit guys in Bioshock
Big Daddy
67.7%
15. Silent hero of Half Life. Orange suit-
up
Gordon Freeman
63.1%
23. Assassin's Creed II, hangs with Da Vinci
Ezio
62.2%
14. Can be seen jumping from planes, trains or automobiles in Uncharted
Nathan Drake
59.9%
6. Savior of the galaxy, Mass Effect
Commander Shepard
52.5%
22. Was a laughing stock for 10 years. _
_
_
_
_
_
_
_
_
_
_
_
_
_
_
_
_
_
_
Forever
Duke Nukem
46.8%
20. Resident Evil, Claire's brother
Chris Redfield
44.1%
29. She's one of the S.T.A.R.S in Resident Evil
Jill Valentine
42%
18. The Captain in Modern Warfare
Captain Price
36.5%
13. Big muscles, bigger locust problem
Marcus Fenix
31.4%
Quiz Playlist
Details
Report
Send in Message
Add To Playlist
More Info:
Name the Popular Video Characters before time runs out.
Classic:
Type in answers that appear in a list
Last Updated: Feb 16, 2017
Quiz Scoreboard
CHALLENGE
Sign Up to Join the Scoreboard
Show All
Scores
Hide
Comments
May contain spoilers
Recently Published
Image Sorting: Flags VI
by Barbecue
Geography
2m
Find the 'City' Movie
by crazypaving
Movies
60s
Colored Red Africa Blitz
by spor1
Geography
45s
More to Explore
Quiz From the Vault
Featured Blog Post
14 Easter Pick-up Lines to Find Eggs With
hide this ad
You Might Also Like...
Tags
Video Games Quiz
Today's Top Quizzes in Gaming
Browse Gaming
hide this ad
Today's Top Quizzes in Video Games
Browse Video Games
Top Contributed Quizzes in Gaming
1
League of Legends Pro Players by Career/Team History
2
Destiny 2 exotic weapons by perk icons
3
Genshin murder mystery
4
Dead By Daylight Logic Puzzle
5
Genshin Impact Logic Puzzle
6
Overwatch Logic Puzzle
7
4x4 Decades: Video Games
8
Who's on the WWE 2K24 Cover?
9
Overwatch 2: Ultimate Ability Icons
10
Valorant Agent Developer Names (Up to Clove)
Explore More
Trending Topics
Disney
Kpop
NBA
Crossword
Marvel
Anime
Harry Potter
NFL
Puzzle
Soccer
Pokémon
Song
WWE
Country
The Office
hide this ad
More By:
jble
Quiz
Plays
Rating
Category
Featured
Created
Video Game Icons
526
3.57
Gaming
Feb 11, 2012
large word ladder
290
4.83
Just For Fun
Feb 19, 2012
Biggest Indiana Cities
94
4.00
Geography
Mar 11, 2012
is it a word
24
4.50
Just For Fun
May 1, 2012
Go to Creator's Profile
Score Distribution
Quiz Creator Spotlight
jble
Follow
Send a Message
Quizzes Created
-
Created Quiz Play Count
-
More By This Creator
Popular Quizzes Today
1
Colored Red Africa Blitz
2
Find the US States - No Outlines Minefield
3
Find the 'City' Movie
4
5x2 Blitz: Bands
5
The Countries of the World
6
Find the US States
7
Find the Countries of Europe - No Outlines Minefield
8
US States
More Gaming Quizzes
Aloy, This Is Your Life
Quiz Lab
Trending Quizzes
Colored Red Europe Blitz I
Colored Red Europe Blitz II
Colored Red Africa Blitz II
Colored Red Europe Blitz III
Colored Red Africa Blitz III
Recently Updated
How Do You Spell That?
pecheneg
Godzilla Movies
pecheneg
Grab Bag: 4-10 Letters
pecheneg
2024 March Madness Bracket
pecheneg
Famous TV Couples
Peacemaker
Champions League XIs: Real Madrid
pecheneg
Largest US Cities 1790-2010
pecheneg
Rides in Walt Disney World
pecheneg
Most Oscar Losses (Acting)
pecheneg
Beyoncé Albums
pecheneg
Trending Topics
Anime
Marvel
Disney
Kpop
NBA
Harry Potter
Crossword
Country
Soccer
The Office
WWE
NFL
Puzzle
Pokémon
Song
Your Account Isn't Verified!
In order to create a playlist on Sporcle, you need to verify the email address you used during registration. Go to your
Sporcle Settings
to finish the process.
Report this User
Report this user for behavior that violates our
Community Guidelines
.
Details:
Send Report
Go to the Sporcle.com Mobile Site →
Comments